000 00651cam a2200229 i 4500
001 2772065
005 20180313044758.0
008 800822s1981 moua b 001 0 eng
010 _a 80021627
020 _a0801633133
040 _aDLC
_cDLC
_dDLC
041 _aeng
060 _aWF26 M172r
080 _a615.836028 PHE
082 0 0 _a615.836028 PHE
_219
100 1 _a5
101 _aFAR
245 1 0 _aRespiratory therapy equipment /
_cSteven P. McPherson, with contributions by Charles B. Spearman.
504 _aIncludes bibliographical references and index.
906 _a7
_bcbc
_corignew
_d1
_eocip
_f19
_gy-gencatlg
942 _2ddc
_cBK
999 _c44815
_d44815